00619 2200241 4500001002100000005001700021008004100038020001800079035002400097082001100121090002100132100002200153245003900175250001100214260003800225300002100263500002900284650001300313850001500326985000600341999001500347999001500362YOGYA-0209000002824520090227024220.0 ind  a979-496-073-4 0010-020900000028245 a616.85 a616.85bLum ElT aLUMBANTOBING, S.M aEpilepsi (ayan)cS.M. Lumbantobing aCet. 3 aJakartabFak. Kedokteran UIc1998 av, 73 hlmc24 cm aBibliografi : hlm. 72-73 aEpilepsi aYOPDYOG(B) a2 a01B0003631 a01B0003632